Statystyki dla kolęda "Bóg się rodzi" - uzupełnianka

Kliknij tutaj aby rozwiązać quiz!

Ogólne statystyki

  • Ten quiz został rozwiązany 607 razy
  • Średni wynik to 7 z 16

Statystyki odpowiedzi

Tekst zwrotki% Poprawnych
Bóg się rodzi, moc {truchleje}, Pan niebiosów obnażony!
100%
A Słowo ciałem się stało, i {mieszkało} między nami.
85%
Ogień krzepnie, blask ciemnieje, Ma {granice} Nieskończony:
85%
Wzgardzony okryty chwałą, {Śmiertelny} Król nad wiekami,
65%
Wszedł między lud ukochany, Dzieląc z nim {trudy} i znoje,
62%
Cóż masz, niebo nad {ziemiany}? Bóg porzucił szczęście swoje,
51%
Niemało cierpiał, niemało, {Żeśmy} byli winni sami,
48%
W nędznej szopie {urodzony}, Żłób Mu za kolebkę dano!
43%
Podnieś rączkę, Boże Dziecię, Błogosław ojczyznę {miłą},
42%
Dom nasz i {majętność} całą, I wszystkie wioski z miastami,
38%
W dobrych radach, dobrym {bycie}, Wspieraj jej siłę swą siłą,
34%
Cóż jest, czym był otoczony? {Bydło}, pasterze i siano
33%
Ubodzy, was to spotkało, {Witać} Go przed bogaczami,
29%
Niosąc dary Panu w {dani}: Mirrę, kadzidło i złoto.
10%
Potem i króle widziani, {Cisną} się między prostotą,
9%
Bóstwo to razem zmieszało, Z {wieśniaczymi} ofiarami,
5%

Rozkład punktacji

Percentyl według liczby udzielonych odpowiedzi

Procent ludzi z każdym wynikiem

Twoja historia wyników

Nie rozwiązałeś tego quizu